Potrawy wigilijne - Statystyki

Ogólne statystyki
  • Ten quiz został rozwiązany 524 razy
  • Średni wynik to 9 z 26
Statystyki odpowiedzi
Potrawa % Poprawnych
Barszcz czerwony z uszkami
97%
Karp
89%
Śledź
58%
Makowiec
57%
Ryba po grecku
53%
Pierogi z kapustą i grzybami
52%
Kutia
49%
Kompot z suszu
48%
Sernik
45%
Zupa grzybowa / sos grzybowy
45%
Krokiety
43%
Sałatka jarzynowa
42%
Piernik
35%
Pierogi ruskie
34%
Bigos
28%
Kluski z makiem / makiełki
28%
Chleb
27%
Kapusta z grochem
25%
Kapusta z grzybami
19%
Żurek
18%
Kulebiak / paszteciki (z kapustą i grzybami)
17%
Gołąbki (z kaszą i grzybami)
15%
Zupa rybna
13%
Moczka
6%
Makówka
5%
Strucla
1%
Nie znaleziono quizów pasujących do podanych kryteriów
Rozkład punktacji
Procent ludzi z każdym wynikiem
Percentyl według liczby udzielonych odpowiedzi
Twoja historia wyników
Nie rozwiązałeś tego quizu